Wszystkie piosenki Kaśki Sochackiej - Statystyki

Ogólne statystyki
  • Ten quiz został rozwiązany 15 razy
    12 od ostatniego zresetowania
  • Średni wynik to 33 z 52
Statystyki odpowiedzi
Album Tytuł piosenki % Poprawnych
Szum
100%
Madison
89%
samoloty
89%
Balkon
78%
Ciche dni
78%
Finał
78%
Jeszcze
78%
nadprzestrzenie
78%
Niebo było różowe
78%
Singiel (Ta Druga na Bis) Pokoje
78%
Spaleni słońcem
78%
Spokojnie
78%
Wiśnia EP Wiśnia
78%
Ciche Dni Wiśnia
78%
Wiśnia (Live)
78%
Wiśnia (Ziela version)
78%
Femme Fatale
67%
Komary
67%
tylko haj. mosty
67%
Nie było cię
67%
Ministory Nie było cię
67%
Porzucić
67%
Porzucić
67%
Porzucić (Live)
67%
Ta Druga Słodkich snów
67%
Śnie
67%
Ciche dni - Wersja specjalna Śnie
67%
Strona B
67%
tylko haj.
67%
Wszystko
67%
Zachody
67%
Zdjęcia
67%
boysboysboys
56%
Ctrl+Alt+Del
56%
Dla mnie to już koniec
56%
Dla mnie to już koniec (pierwsza wersja)
56%
Ego
56%
kid
56%
Singiel (z Łoną i Webberem) Ostatnia prosta
56%
Sukienka
56%
Tańcz
56%
w kilometrach
56%
Z soboty na niedzielę
56%
Boję się o Ciebie
44%
Mróz
44%
Mróz 2014
44%
Spędź ze mną trochę czasu jeszcze
44%
Jolibou
33%
Trochę tu pusto
33%
Trochę tu pusto (Live - Kino Sława)
33%
Znowu jestem w punkcie, który dawno temu już minęłam
33%
Zostaję przy tym, co już znam
33%
Nie znaleziono quizów pasujących do podanych kryteriów
Rozkład punktacji
Procent ludzi z każdym wynikiem
Percentyl według liczby udzielonych odpowiedzi
Twoja historia wyników
Nie rozwiązałeś tego quizu od ostatniego zresetowania